000 00879nam a2200301Ia 4500
001 60094
003 IT-RoPAU
008 130308s9999 xx 000 0 und d
040 _aIT-RoPAU
040 _cIT-RoPAU
041 _aINGLESE
100 _aScannell Paddy
100 _gCodice Aut. SPICS: 17304
245 _aStuff of Radio (The)-Developments in Radio Features and Documentaries Before the War
245 _bDocumentary And The Mass Media
250 _a1a ed.
260 _aLONDON
260 _bArnold Edward
260 _c1986 [1° Ed.:1986 - Ed.Ling.Originale:1986]
300 _a"26 p. (prefazione: no ; testo: 26 [pagine: 1-26])"
500 _aCaratteristiche della Radio e del Documentario Prima della Guerra
650 _aGENERI TELEVISIVI
650 _eCodice materia Spics: 6960
942 _cBK
957 _71
999 _c57501
_d57501
999 _bSI
999 _g1